000 nam a22 a 4500
999 _c348883
_d348883
003 BLK
005 20230224112015.0
008 200305b bu ||||| |||| 00| 0 bu d
020 _a9789542827993
040 _aBLK
041 _aBUL
_cBUL
080 _aИталианска литература
_b821.131.1
_x-31
_z821.131.1-31
100 _aЧебени, Валентина
_eпърви автор
_91299
139 _aЧебени, Валентина
_bЧ 49
240 _aLa ricetta segreta per un sogno
245 _aТайната рецепта на любовта
_cВалентина Чебени ; прев. от итал. Росица Николова
260 _9219755
_aСофия
_bСиела
_c2019
_f"Алианс Принт" ЕООД
300 _a359 с.
_c22 см
380 _aX
700 _91071
_aНиколова, Росица
_eпрев. от итал.
942 _cKNG
_n0
_s1
_017
944 _aCR
_c2020-03-05
_l2020-03-05
999 _d348883